[Event "OPEN INTER REUNION 2023"]
[Site "SALLE DES FETES DE BELLEPIERRE"]
[Date "2023.10.14"]
[Round "1.1"]
[White "Velten, Paul"]
[Black "Delestage, Raphael"]
[Result "1-0"]
[WhiteElo "2487"]
[BlackElo "1344"]
[PlyCount "79"]
[EventDate "2023.??.??"]
[WhiteTeam "L'Echiquier Châlonnais"]
[BlackTeam "Club Echiquier du Nord"]

1. d4 Nf6 2. c4 g6 3. Nc3 Bg7 4. e4 d6 5. Be2 Nbd7 6. Nf3 e5 7. d5 Nc5 8. Qc2
a5 9. Bg5 a4 10. Nd2 Bd7 11. Rb1 Qc8 12. b4 axb3 13. axb3 O-O 14. O-O h5 15. b4
Na4 16. Nb5 Nh7 17. Be3 f5 18. f3 f4 19. Bf2 g5 20. Ra1 Bxb5 21. cxb5 Nb6 22.
Rac1 Bf6 23. Nb3 Ra3 24. Bxb6 Rf7 25. h3 Bd8 26. Bf2 Nf6 27. Na5 g4 28. Nc4 Rg7
29. fxg4 Rxh3 30. Nb6 hxg4 31. Nxc8 Rh6 32. Be1 g3 33. Qd3 Rgh7 34. Bxg3 fxg3
35. Qxg3+ Kh8 36. Bf3 Rg7 37. Qxg7+ Kxg7 38. b6 cxb6 39. Nxd6 b5 40. Nf5+ 1-0

[Event "OPEN INTER REUNION 2023"]
[Site "SALLE DES FETES DE BELLEPIERRE"]
[Date "2023.10.14"]
[Round "1.2"]
[White "Folio, Raphael"]
[Black "Mouhamad, Joachim"]
[Result "0-1"]
[WhiteElo "1297"]
[BlackElo "2303"]
[PlyCount "102"]
[EventDate "2023.??.??"]
[WhiteTeam "La Tour Saint Pierroise"]
[BlackTeam "Barreau de Paris Echecs"]

1. d4 d5 2. Nf3 e6 3. e3 Nf6 4. Bd3 Bd6 5. O-O O-O 6. b3 b6 7. Bb2 Bb7 8. Nbd2
Nbd7 9. Rc1 Qe7 10. Qe2 Ne4 11. c4 a5 12. cxd5 exd5 13. Bb1 f5 14. Rfe1 Rf7 15.
a3 g5 16. Nf1 g4 17. N3d2 Qh4 18. f4 Ba6 19. Bd3 Bxd3 20. Qxd3 Qf2+ 21. Kh1
Qxe1 22. Nxe4 dxe4 23. Qc4 Qh4 24. Qc3 Qf6 25. Ng3 Qg6 26. Rd1 h5 27. d5 Kh7
28. Qc6 Rg8 29. b4 axb4 30. axb4 Bxb4 31. Qxc7 Bf8 32. Ne2 Nc5 33. Qc6 Nd3 34.
Rb1 Qxc6 35. dxc6 Nxb2 36. Rxb2 Bc5 37. Nd4 Rd8 38. g3 Bxd4 39. exd4 Rxd4 40.
Rxb6 Ra7 41. Rb7+ Rxb7 42. cxb7 Rb4 43. Kg2 Rxb7 44. h3 Rb2+ 45. Kf1 gxh3 46.
Kg1 h2+ 47. Kh1 Rf2 48. g4 fxg4 49. f5 e3 50. f6 e2 51. f7 e1=Q# 0-1

[Event "OPEN INTER REUNION 2023"]
[Site "SALLE DES FETES DE BELLEPIERRE"]
[Date "2023.10.14"]
[Round "1.3"]
[White "Berthelot, Yannick"]
[Black "Erudel, Maeva"]
[Result "1-0"]
[WhiteElo "2228"]
[BlackElo "1295"]
[PlyCount "67"]
[EventDate "2023.??.??"]
[WhiteTeam "La Tour Saint Pierroise"]
[BlackTeam "Club Echiquier du Nord"]

1. e4 e6 2. d4 d5 3. e5 c5 4. c3 Nc6 5. Nf3 Qb6 6. Bd3 Bd7 7. dxc5 Bxc5 8. O-O
a5 9. a4 f6 10. Qe2 fxe5 11. Nxe5 Nxe5 12. Qxe5 Nf6 13. Bf4 O-O 14. h3 Qxb2 15.
Nd2 Qb6 16. Rab1 Qa7 17. Bb5 Bc8 18. Nb3 Ne4 19. Nxc5 Qxc5 20. Be3 Qxc3 21. Bd4
Qxd4 22. Qxd4 Rf7 23. Bd3 Nf6 24. Rfc1 Rb8 25. Qa7 Nd7 26. Bb5 Rf8 27. Rc7 e5
28. Bxd7 Bxd7 29. Rxd7 d4 30. Rbxb7 Rxb7 31. Qxb7 Re8 32. Rxg7+ Kh8 33. Rxh7+
Kg8 34. Qg7# 1-0

[Event "OPEN INTER REUNION 2023"]
[Site "SALLE DES FETES DE BELLEPIERRE"]
[Date "2023.10.14"]
[Round "1.4"]
[White "Fondrat, Thierry"]
[Black "Testud, Philippe"]
[Result "0-1"]
[WhiteElo "1220"]
[BlackElo "2124"]
[PlyCount "70"]
[EventDate "2023.??.??"]
[WhiteTeam "Club d'Echecs Labourdonnais"]
[BlackTeam "Echiquier du Lagon - Ass Ecole du Lagon"]

1. d4 Nf6 2. Nf3 e6 3. Bf4 d5 4. e3 Bd6 5. Ne5 O-O 6. Bd3 c5 7. c3 Nc6 8. Nd2
Qc7 9. Ndf3 Ne4 10. O-O f6 11. Nxc6 Bxf4 12. exf4 bxc6 13. Qc1 cxd4 14. cxd4
Rb8 15. Re1 Qb6 16. Bxe4 dxe4 17. Rxe4 Qxb2 18. Re1 Bd7 19. Qc5 Qb6 20. Qc4 Qc7
21. f5 Qd6 22. fxe6 Rb4 23. Qc5 Qxc5 24. dxc5 Bc8 25. Rad1 Rc4 26. e7 Re8 27.
Rd8 Kf7 28. Rxe8 Kxe8 29. h3 Rxc5 30. g4 Bd7 31. Re2 Rd5 32. Nd2 c5 33. f4 Bb5
34. Rf2 Bd3 35. Rf3 Be2 0-1

[Event "OPEN INTER REUNION 2023"]
[Site "SALLE DES FETES DE BELLEPIERRE"]
[Date "2023.10.14"]
[Round "1.5"]
[White "Roblet, Charles"]
[Black "Jouanet, Yael"]
[Result "1-0"]
[WhiteElo "2008"]
[BlackElo "1214"]
[PlyCount "45"]
[EventDate "2023.??.??"]
[WhiteTeam "Club Echiquier du Nord"]
[BlackTeam "Les Roys de l'Est"]

1. e4 c5 2. d4 cxd4 3. c3 dxc3 4. Nxc3 e5 5. Bc4 Nf6 6. Qb3 Qe7 7. Nf3 h6 8.
O-O Nc6 9. Rd1 Na5 10. Qb5 Nxc4 11. Qxc4 a6 12. Be3 b5 13. Qc7 Qe6 14. Nd5 Nxd5
15. Rxd5 Qc6 16. Qxe5+ Qe6 17. Qd4 Qg6 18. Rd1 d6 19. Qb6 Bd7 20. Qb7 Rc8 21.
e5 Rc6 22. exd6 Rxd6 23. Qb8+ 1-0

[Event "OPEN INTER REUNION 2023"]
[Site "SALLE DES FETES DE BELLEPIERRE"]
[Date "2023.10.14"]
[Round "1.6"]
[White "Payet, Nathan"]
[Black "Riviere, Etienne"]
[Result "0-1"]
[WhiteElo "1213"]
[BlackElo "1963"]
[PlyCount "46"]
[EventDate "2023.??.??"]
[WhiteTeam "Club Echiquier du Nord"]
[BlackTeam "C.E. de L'Etang Sale"]

1. d4 d5 2. Bf4 Bf5 3. Nf3 Nf6 4. e3 e6 5. Bd3 Bxd3 6. Qxd3 Nbd7 7. Nbd2 c5 8.
c3 Be7 9. O-O O-O 10. Rfe1 Rc8 11. e4 cxd4 12. cxd4 dxe4 13. Nxe4 Nd5 14. Bd6
Bxd6 15. Nxd6 Rc6 16. Nb5 Nb4 17. Qd1 Nc2 18. Rc1 Nxe1 19. Rxc6 Nxf3+ 20. Qxf3
bxc6 21. Qxc6 Nf6 22. h3 Qa5 23. Nc3 Nd5 0-1

[Event "OPEN INTER REUNION 2023"]
[Site "SALLE DES FETES DE BELLEPIERRE"]
[Date "2023.10.14"]
[Round "1.7"]
[White "Mezouaghi, Miloud"]
[Black "Carnazzi, Gabriel"]
[Result "1-0"]
[WhiteElo "1946"]
[BlackElo "1199"]
[PlyCount "71"]
[EventDate "2023.??.??"]
[WhiteTeam "Echiquier du Lagon - Ass Ecole du Lagon"]
[BlackTeam "Club Echiquier du Nord"]

1. c4 e6 2. Nf3 d5 3. b3 Nf6 4. Bb2 Be7 5. g3 c6 6. Bg2 O-O 7. O-O Re8 8. d3
Nbd7 9. Nbd2 Qc7 10. e4 Nc5 11. Qc2 dxe4 12. Nxe4 Nfxe4 13. dxe4 b6 14. Rad1
Bb7 15. Be5 Qc8 16. Rd2 f6 17. Bc3 Qc7 18. b4 Nd7 19. Bh3 Nf8 20. Nd4 e5 21.
Nf5 c5 22. b5 Rad8 23. Rfd1 Rxd2 24. Rxd2 Rd8 25. f3 Rxd2 26. Qxd2 Ne6 27. Nh6+
gxh6 28. Bxe6+ Kg7 29. Qe3 a5 30. Bd2 Bc8 31. Qxh6+ Kh8 32. Bd5 Qd6 33. Qh5 Be6
34. Bh6 Bxd5 35. exd5 Qd8 36. Qf7 1-0

[Event "OPEN INTER REUNION 2023"]
[Site "SALLE DES FETES DE BELLEPIERRE"]
[Date "2023.10.14"]
[Round "1.8"]
[White "Dujardin, Amaury"]
[Black "Quere, Alexandre"]
[Result "1/2-1/2"]
[WhiteElo "1199"]
[BlackElo "1940"]
[PlyCount "78"]
[EventDate "2023.??.??"]
[WhiteTeam "Club Echiquier du Nord"]
[BlackTeam "Club Echiquier du Nord"]

1. d4 Nf6 2. Nf3 g6 3. Bf4 Bg7 4. Nc3 d6 5. e4 O-O 6. Qd2 Re8 7. O-O-O c6 8. e5
dxe5 9. Nxe5 Nbd7 10. Be2 Nxe5 11. Bxe5 Qa5 12. Kb1 Be6 13. b3 Red8 14. Ne4
Qxd2 15. Nxd2 Nd5 16. Kb2 f6 17. Bg3 Bh6 18. Ne4 b6 19. Nc3 Rd7 20. Bf3 Nxc3
21. Kxc3 Bd5 22. Rd3 Bg7 23. Rhd1 Bxf3 24. Rxf3 e5 25. Rfd3 exd4+ 26. Kc4 f5
27. c3 c5 28. f3 Re7 29. cxd4 Bxd4 30. a4 Rae8 31. b4 Re2 32. R1d2 Rxd2 33.
Rxd2 Re3 34. bxc5 bxc5 35. Bd6 Rc3+ 36. Kb5 Rb3+ 37. Kc6 Be3 38. Rc2 Rb4 39. a5
f4 1/2-1/2

[Event "OPEN INTER REUNION 2023"]
[Site "SALLE DES FETES DE BELLEPIERRE"]
[Date "2023.10.14"]
[Round "1.9"]
[White "Triton, Maxime"]
[Black "Erudel, Irina"]
[Result "1-0"]
[WhiteElo "1878"]
[BlackElo "1199"]
[PlyCount "75"]
[EventDate "2023.??.??"]
[WhiteTeam "Echiquier de l'Ouest Saint-Paul"]
[BlackTeam "Club Echiquier du Nord"]

1. d4 d5 2. c4 dxc4 3. e4 g6 4. Bxc4 Bg7 5. Nf3 Nc6 6. d5 Ne5 7. Nxe5 Bxe5 8.
Nc3 Bd7 9. f4 Bg7 10. O-O Nh6 11. Be3 O-O 12. h3 Re8 13. Qd2 e6 14. f5 Qh4 15.
f6 Bf8 16. Bg5 Qg3 17. Bxh6 Bc5+ 18. Kh1 Qh4 19. Bg5 Qg3 20. Rf3 Qe5 21. Raf1
Bd6 22. Bf4 Qh5 23. g4 Qh4 24. Bg5 Qxg5 25. Qxg5 exd5 26. Qxd5 Be6 27. Qd3 Bd7
28. Nd5 Kh8 29. Nxc7 Bxc7 30. Qxd7 Rac8 31. Qxf7 Rg8 32. g5 b6 33. Qg7+ Rxg7
34. fxg7+ Kxg7 35. Rf7+ Kh8 36. Rf8+ Rxf8 37. Rxf8+ Kg7 38. Rg8# 1-0

[Event "OPEN INTER REUNION 2023"]
[Site "SALLE DES FETES DE BELLEPIERRE"]
[Date "2023.10.14"]
[Round "1.10"]
[White "Estrade, Aymeric"]
[Black "Dijoux, Julien"]
[Result "0-1"]
[WhiteElo "1199"]
[BlackElo "1870"]
[PlyCount "46"]
[EventDate "2023.??.??"]
[WhiteTeam "Echiquier de l'Ouest Saint-Paul"]
[BlackTeam "Club Echiquier du Nord"]

1. e4 Nf6 2. Nc3 d5 3. e5 d4 4. exf6 dxc3 5. fxg7 cxd2+ 6. Qxd2 Qxd2+ 7. Bxd2
Bxg7 8. O-O-O Nc6 9. Bb5 Bd7 10. Ne2 O-O-O 11. Rhe1 a6 12. Ba4 b5 13. Bb3 e6
14. f4 Ne7 15. Bc3 Bxc3 16. Nxc3 Rhg8 17. g3 c5 18. a3 Bc6 19. Bxe6+ fxe6 20.
Rxe6 Rxd1+ 21. Kxd1 Kd7 22. Rh6 Rg7 23. Rh5 Bf3+ 0-1

[Event "OPEN INTER REUNION 2023"]
[Site "SALLE DES FETES DE BELLEPIERRE"]
[Date "2023.10.14"]
[Round "2.1"]
[White "Desire, Michael"]
[Black "Velten, Paul"]
[Result "0-1"]
[WhiteElo "1672"]
[BlackElo "2487"]
[PlyCount "51"]
[EventDate "2023.??.??"]

1. d4 d5 2. c4 e6 3. Nc3 Nf6 4. Bg5 Nbd7 5. Nf3 c6 6. e3 Qa5 7. Bd3 Ne4 8. Bxe4
dxe4 9. Ne5 f6 10. Nxd7 Qxg5 11. Nxf8 Qxg2 12. Rf1 Kxf8 13. Qh5 e5 14. Qh4 exd4
15. O-O-O dxc3 16. Rg1 Qh3 17. Qf4 cxb2+ 18. Kxb2 Be6 19. Qd6+ Kg8 20. Qe7 g6
21. Rd6 Qf5 22. Rgd1 Qe5+ 23. Kb1 Bf7 24. Qc7 Kg7 25. R1d4 Rac8 26. Qa5 0-1

[Event "OPEN INTER REUNION 2023"]
[Site "SALLE DES FETES DE BELLEPIERRE"]
[Date "2023.10.14"]
[Round "2.2"]
[White "Mouhamad, Joachim"]
[Black "Folio, Pierre"]
[Result "1-0"]
[WhiteElo "2303"]
[BlackElo "1641"]
[PlyCount "71"]
[EventDate "2023.??.??"]

1. e4 c5 2. Nf3 e6 3. d4 cxd4 4. Nxd4 Nf6 5. Nc3 Nc6 6. Ndb5 Bb4 7. a3 Bxc3+ 8.
Nxc3 d5 9. exd5 exd5 10. Bd3 O-O 11. O-O d4 12. Ne2 Bg4 13. Bg5 h6 14. Bh4 g5
15. Bg3 Qd5 16. Qd2 Rfe8 17. Rfe1 Rac8 18. Rad1 Bh5 19. f3 Ne5 20. Bxe5 Rxe5
21. c4 dxc3 22. Nxc3 Qd4+ 23. Kf1 Rxe1+ 24. Qxe1 Qf4 25. Qg3 Qxg3 26. hxg3 Bg6
27. Be2 Nh5 28. Kf2 Rc7 29. Rd2 a6 30. Rd6 Kg7 31. Bd1 Nf6 32. Rxf6 Kxf6 33.
Nd5+ Ke5 34. Nxc7 f6 35. Na8 b5 36. Nc7 1-0

[Event "OPEN INTER REUNION 2023"]
[Site "SALLE DES FETES DE BELLEPIERRE"]
[Date "2023.10.14"]
[Round "2.3"]
[White "Sawmynaden, Righen Peroumal"]
[Black "Berthelot, Yannick"]
[Result "0-1"]
[WhiteElo "1667"]
[BlackElo "2228"]
[PlyCount "46"]
[EventDate "2023.??.??"]

1. c4 f5 2. g3 Nf6 3. Bg2 g6 4. Nc3 Bg7 5. d3 O-O 6. e4 fxe4 7. dxe4 d6 8. Nge2
c5 9. O-O Nc6 10. h3 e5 11. Bg5 Be6 12. Nd5 Qd7 13. Kh2 Rf7 14. Qd2 Raf8 15.
Be3 Nd4 16. Bxd4 cxd4 17. Nc1 h5 18. Nd3 Kh7 19. Rae1 Bh6 20. Qc2 h4 21. Nxf6+
Rxf6 22. g4 Rc8 23. b3 b5 0-1

[Event "OPEN INTER REUNION 2023"]
[Site "SALLE DES FETES DE BELLEPIERRE"]
[Date "2023.10.14"]
[Round "2.4"]
[White "Testud, Philippe"]
[Black "Rosamel, Manua"]
[Result "1-0"]
[WhiteElo "2124"]
[BlackElo "1564"]
[PlyCount "77"]
[EventDate "2023.??.??"]

1. d4 Nf6 2. Nf3 e6 3. Bf4 d5 4. e3 c5 5. Nbd2 Nc6 6. c3 Nh5 7. Bg5 f6 8. Bh4
g6 9. Be2 cxd4 10. exd4 Bd6 11. O-O O-O 12. Re1 Ng7 13. Rc1 Nf5 14. Nf1 h5 15.
a3 a6 16. Bd3 Nce7 17. c4 Bf4 18. Rc3 Bd7 19. Qb3 Rb8 20. Ne3 Bc6 21. Nxf5 exf5
22. Bg3 Bxg3 23. hxg3 Kg7 24. c5 Qd7 25. Bb1 Nc8 26. Rce3 Rf7 27. Nh4 Na7 28.
Qd1 Rh8 29. b3 Nb5 30. a4 Nc7 31. Qf3 Qc8 32. Bxf5 gxf5 33. Nxf5+ Kf8 34. Nd6
Qd7 35. Nxf7 Kxf7 36. Re5 h4 37. Rh5 Rxh5 38. Qxh5+ Kg7 39. gxh4 1-0

[Event "OPEN INTER REUNION 2023"]
[Site "SALLE DES FETES DE BELLEPIERRE"]
[Date "2023.10.14"]
[Round "2.5"]
[White "Dace, Jean Emeric"]
[Black "Roblet, Charles"]
[Result "0-1"]
[WhiteElo "1633"]
[BlackElo "2008"]
[PlyCount "88"]
[EventDate "2023.??.??"]

1. Nf3 c5 2. g3 Nf6 3. Bg2 g6 4. b3 Bg7 5. Bb2 O-O 6. d3 d5 7. Nbd2 Nc6 8. O-O
Qc7 9. Re1 e5 10. e4 d4 11. Nf1 h6 12. Bc1 Be6 13. Bd2 Qd7 14. Qc1 Kh7 15. h4
b6 16. N1h2 Rac8 17. Rf1 Nh5 18. Qd1 a6 19. a3 Rc7 20. g4 Nf4 21. Bxf4 exf4 22.
b4 cxb4 23. a4 Rfc8 24. Bh3 Na5 25. Rb1 Qxa4 26. e5 b3 27. cxb3 Nxb3 28. Nd2
Rc1 29. Rxc1 Rxc1 30. Qe2 Rc2 31. Nhf3 Qa2 32. Rd1 Bf8 33. h5 Nxd2 34. hxg6+
fxg6 35. Nxd4 f3 36. Qe1 Rb2 37. Nxe6 Qxe6 38. Rxd2 Bb4 39. Qe4 Bxd2 40. Qb7+
Kg8 41. Qb8+ Kf7 42. Qc7+ Ke8 43. Qg7 Rb1+ 44. Bf1 Qxg4+ 0-1

[Event "OPEN INTER REUNION 2023"]
[Site "SALLE DES FETES DE BELLEPIERRE"]
[Date "2023.10.14"]
[Round "2.6"]
[White "Riviere, Etienne"]
[Black "Pessel, Christian"]
[Result "1-0"]
[WhiteElo "1963"]
[BlackElo "1500"]
[PlyCount "63"]
[EventDate "2023.??.??"]

1. b3 Nf6 2. Bb2 g6 3. g3 Bg7 4. Bg2 Nc6 5. c4 O-O 6. Nf3 d6 7. d4 d5 8. O-O
Re8 9. Ne5 Bf5 10. cxd5 Nxe5 11. dxe5 Ng4 12. e4 Bd7 13. Qe2 Nxe5 14. Nd2 f6
15. f4 Nf7 16. e5 a6 17. e6 Bb5 18. exf7+ Kxf7 19. Qe6+ Kf8 20. Rfe1 a5 21. Ne4
Bd7 22. Nc5 Bxe6 23. Nxe6+ Kf7 24. Nxd8+ Raxd8 25. Rac1 Rd7 26. Bh3 f5 27. Bxg7
Kxg7 28. Bg2 b6 29. Rc6 Ra8 30. Rce6 Kf8 31. d6 Ra7 32. dxe7+ 1-0

[Event "OPEN INTER REUNION 2023"]
[Site "SALLE DES FETES DE BELLEPIERRE"]
[Date "2023.10.14"]
[Round "2.7"]
[White "Sawmynaden, Vicken"]
[Black "Mezouaghi, Miloud"]
[Result "0-1"]
[WhiteElo "1629"]
[BlackElo "1946"]
[PlyCount "84"]
[EventDate "2023.??.??"]

1. d4 Nf6 2. Bf4 d5 3. e3 e6 4. Bd3 c5 5. c3 Qb6 6. Qb3 c4 7. Qxb6 axb6 8. Bc2
b5 9. Nd2 Nc6 10. Ne2 h6 11. O-O b4 12. b3 b5 13. Nf3 Be7 14. Rfb1 Bd7 15. Ne5
bxc3 16. Nxc3 Nxe5 17. dxe5 Nh5 18. bxc4 Nxf4 19. exf4 bxc4 20. Rd1 Bb4 21. Ne2
O-O 22. a4 Rfb8 23. f5 Ba5 24. fxe6 fxe6 25. Rdb1 Bc7 26. f4 Rxb1+ 27. Rxb1
Bxa4 28. Ra1 Bc6 29. Rxa8+ Bxa8 30. Kf1 Bc6 31. Ke1 Kf7 32. g3 Bb6 33. f5 d4
34. Nf4 exf5 35. Bxf5 Ba5+ 36. Kd1 Bf3+ 37. Kc1 d3 38. Bxd3 cxd3 39. Nxd3 Ke6
40. Nb2 Be2 41. Na4 Kxe5 42. Kc2 Kd4 0-1

[Event "OPEN INTER REUNION 2023"]
[Site "SALLE DES FETES DE BELLEPIERRE"]
[Date "2023.10.14"]
[Round "2.8"]
[White "Folio, Thomas"]
[Black "Triton, Maxime"]
[Result "0-1"]
[WhiteElo "1558"]
[BlackElo "1878"]
[PlyCount "82"]
[EventDate "2023.??.??"]

1. e4 g6 2. d4 Bg7 3. c3 d6 4. Bc4 Nf6 5. Qc2 O-O 6. Ne2 c6 7. Bd3 c5 8. h3 Nc6
9. Be3 cxd4 10. Nxd4 Bd7 11. O-O Rc8 12. Nxc6 Bxc6 13. f4 Nd7 14. Qf2 Nc5 15.
Bxc5 dxc5 16. Bc2 Qb6 17. Bb3 Bxe4 18. Re1 Bxb1 19. Raxb1 e6 20. Bc4 Qc6 21. g4
b5 22. Bf1 b4 23. Bg2 Qa6 24. Qc2 Qxa2 25. Ra1 Qc4 26. Re4 Qb5 27. Rxa7 c4 28.
Kh2 b3 29. Qf2 Bxc3 30. f5 exf5 31. gxf5 Qxf5 32. Qxf5 gxf5 33. Ree7 Bxb2 34.
Bd5 Kg7 35. Bxf7 Rxf7 36. Rxf7+ Kg6 37. Rfb7 Be5+ 38. Kg2 Rb8 39. Ra6+ Kg5 40.
Re7 b2 41. Kf3 Rb3+ 0-1

[Event "OPEN INTER REUNION 2023"]
[Site "SALLE DES FETES DE BELLEPIERRE"]
[Date "2023.10.14"]
[Round "2.9"]
[White "Dijoux, Julien"]
[Black "Hoarau, Antoine"]
[Result "1-0"]
[WhiteElo "1870"]
[BlackElo "1436"]
[PlyCount "63"]
[EventDate "2023.??.??"]

1. e4 e6 2. d3 d5 3. Qe2 Nf6 4. exd5 Bc5 5. Nc3 O-O 6. d6 cxd6 7. Nf3 e5 8. Be3
Bb4 9. Bd2 Nc6 10. Ne4 Bxd2+ 11. Qxd2 d5 12. Nxf6+ Qxf6 13. Qg5 Qd6 14. O-O-O
f6 15. Qh4 Be6 16. d4 Rac8 17. dxe5 Nxe5 18. Nxe5 fxe5 19. Bd3 g6 20. f3 Rf4
21. Qg5 Bf7 22. Rhe1 e4 23. Bxe4 Qc7 24. Bd3 Rd4 25. Re2 Qa5 26. a3 b5 27. Qf6
Ra4 28. Re7 Rf8 29. Rde1 b4 30. Rxf7 Rxf7 31. Re8+ Rf8 32. Rxf8# 1-0

[Event "OPEN INTER REUNION 2023"]
[Site "SALLE DES FETES DE BELLEPIERRE"]
[Date "2023.10.14"]
[Round "2.10"]
[White "Frelicot, Eric"]
[Black "De Peindray D'Ambell, Philippe"]
[Result "0-1"]
[WhiteElo "1493"]
[BlackElo "1857"]
[PlyCount "142"]
[EventDate "2023.??.??"]

1. d4 Nf6 2. Bf4 e6 3. e3 c5 4. c3 Be7 5. Nd2 a6 6. a4 cxd4 7. exd4 O-O 8. Ngf3
d6 9. Be2 b6 10. O-O Nh5 11. Bg3 Bb7 12. Nc4 Nxg3 13. hxg3 Nd7 14. Nfd2 Nf6 15.
Bf3 Nd5 16. a5 Rb8 17. axb6 Nxb6 18. Bxb7 Rxb7 19. Rxa6 Nxc4 20. Nxc4 d5 21.
Ne5 Rxb2 22. Nc6 Qd7 23. Nxe7+ Qxe7 24. Qa1 Rfb8 25. Ra7 Qg5 26. Qc1 Qf6 27.
Rd1 Rc8 28. Rd3 h6 29. Qf4 Qg6 30. Rf3 Rf8 31. Rc7 Rb1+ 32. Kh2 Re1 33. Re3 Rc1
34. Rf3 Qb1 35. g4 Rh1+ 36. Kg3 Qg6 37. Re3 f5 38. Re5 fxg4 39. Qxg4 Qxg4+ 40.
Kxg4 Rxf2 41. Rxe6 Rxg2+ 42. Kf3 Rg5 43. Re8+ Kh7 44. Re5 Rhh5 45. Rxg5 Rxg5
46. Kf4 Kg8 47. c4 dxc4 48. Rxc4 Kf7 49. Ke4 Ke6 50. Rc8 Rg4+ 51. Ke3 h5 52.
Rc6+ Kd7 53. Rc4 g5 54. Kf3 Ke6 55. Rc5 Kf6 56. Rc6+ Kf5 57. Rc5+ Ke6 58. Rc6+
Kd5 59. Rh6 Rh4 60. Rg6 g4+ 61. Kg3 Rh3+ 62. Kf4 Kxd4 63. Rd6+ Kc3 64. Rd5 Kc4
65. Rd1 g3 66. Kf3 h4 67. Re1 Rh2 68. Re4+ Kd3 69. Re3+ Kd2 70. Re4 Rf2+ 71.
Kg4 g2 0-1

[Event "OPEN INTER REUNION 2023"]
[Site "SALLE DES FETES DE BELLEPIERRE"]
[Date "2023.10.14"]
[Round "3.1"]
[White "Velten, Paul"]
[Black "Dijoux, Julien"]
[Result "1-0"]
[WhiteElo "2487"]
[BlackElo "1870"]
[PlyCount "47"]
[EventDate "2023.??.??"]

1. d4 d5 2. c4 e6 3. Nf3 Be7 4. Nc3 Nf6 5. Bf4 c6 6. e3 Nbd7 7. h3 O-O 8. Rc1
Re8 9. Bd3 dxc4 10. Bxc4 Nf8 11. O-O Ng6 12. Bg3 Bd6 13. Ne5 Qc7 14. f4 Nf8 15.
Qf3 N6d7 16. Ne4 f5 17. Nxd6 Qxd6 18. Be1 Nf6 19. g4 Nd5 20. Rc2 Ng6 21. Rg2
fxg4 22. Rxg4 Nxe5 23. fxe5 Qc7 24. Bd3 1-0

[Event "OPEN INTER REUNION 2023"]
[Site "SALLE DES FETES DE BELLEPIERRE"]
[Date "2023.10.14"]
[Round "3.2"]
[White "De Peindray D'Ambell, Philippe"]
[Black "Mouhamad, Joachim"]
[Result "0-1"]
[WhiteElo "1857"]
[BlackElo "2303"]
[PlyCount "66"]
[EventDate "2023.??.??"]

1. c4 e5 2. g3 Nf6 3. Nc3 d5 4. cxd5 Nxd5 5. Nf3 Nc6 6. Bg2 Nb6 7. O-O Be7 8.
d3 O-O 9. a3 Re8 10. Be3 Bf8 11. Rc1 Nd4 12. Re1 c6 13. Bxd4 exd4 14. Na4 Bg4
15. Nxb6 Qxb6 16. Rb1 a5 17. h3 Be6 18. Qc1 a4 19. Nd2 Qc7 20. Qc2 c5 21. b4
axb3 22. Nxb3 Rec8 23. Nd2 Rxa3 24. Rxb7 Qa5 25. Rb2 c4 26. dxc4 Rxc4 27. Qd1
Rb4 28. Rc2 h5 29. Rf1 h4 30. g4 g6 31. Rc1 Qe5 32. Nf3 Qf4 33. Ra1 Rxf3 0-1

[Event "OPEN INTER REUNION 2023"]
[Site "SALLE DES FETES DE BELLEPIERRE"]
[Date "2023.10.14"]
[Round "3.3"]
[White "Berthelot, Yannick"]
[Black "Hoareau, Hugues"]
[Result "1-0"]
[WhiteElo "2228"]
[BlackElo "1857"]
[PlyCount "45"]
[EventDate "2023.??.??"]

1. e4 c5 2. c3 b6 3. d4 Bb7 4. Nd2 g6 5. Ngf3 Bg7 6. Bd3 Nf6 7. O-O O-O 8. Re1
d6 9. Nf1 Nbd7 10. d5 Ne5 11. Nxe5 dxe5 12. a4 Ne8 13. f4 f6 14. fxe5 fxe5 15.
Bg5 Qd6 16. Nd2 Qc7 17. Qg4 Bc8 18. Qh4 Nf6 19. Rf1 a5 20. Nc4 Ba6 21. d6 Qc8
22. Rf3 Ra7 23. Raf1 1-0

[Event "OPEN INTER REUNION 2023"]
[Site "SALLE DES FETES DE BELLEPIERRE"]
[Date "2023.10.14"]
[Round "3.4"]
[White "Fondrat, Johan"]
[Black "Testud, Philippe"]
[Result "1-0"]
[WhiteElo "1831"]
[BlackElo "2124"]
[PlyCount "25"]
[EventDate "2023.??.??"]

1. d4 Nf6 2. c4 e6 3. Nf3 Bb4+ 4. Nbd2 O-O 5. e3 Re8 6. Qc2 Bf8 7. Bd3 d6 8.
O-O Nc6 9. a3 a5 10. b3 e5 11. Bb2 Bg4 12. Ng5 h6 13. Bh7+ 1-0

[Event "OPEN INTER REUNION 2023"]
[Site "SALLE DES FETES DE BELLEPIERRE"]
[Date "2023.10.14"]
[Round "3.5"]
[White "Roblet, Charles"]
[Black "Evrin, Selvam"]
[Result "0-1"]
[WhiteElo "2008"]
[BlackElo "1806"]
[PlyCount "114"]
[EventDate "2023.??.??"]

1. e4 c5 2. d4 cxd4 3. c3 Nf6 4. e5 Nd5 5. Qxd4 e6 6. Nf3 Nc6 7. Qe4 f5 8. Qe2
b5 9. g3 a5 10. Bg2 Ba6 11. O-O Bc5 12. Rd1 O-O 13. Bf4 a4 14. a3 Na5 15. Nbd2
b4 16. c4 bxa3 17. Ng5 h6 18. Qh5 Nxc4 19. Ndf3 Qe8 20. Qxe8 Rfxe8 21. bxa3
hxg5 22. Nxg5 Ncb6 23. Rab1 Rab8 24. Ra1 Rbc8 25. Bc1 Be7 26. h4 Rc2 27. Rd2
Rec8 28. Rxc2 Rxc2 29. Be3 Bc5 30. Bxc5 Rxc5 31. Rb1 Rb5 32. Rc1 Bb7 33. Nf3
Rb3 34. Nd4 Rxa3 35. Rb1 Rd3 36. Ne2 Rb3 37. Ra1 a3 38. Nd4 Rb4 39. Nc2 Ra4 40.
Rxa3 Rxa3 41. Nxa3 Ba6 42. Nc2 f4 43. Nd4 Bd3 44. Kh2 fxg3+ 45. Kxg3 Nc4 46.
Bxd5 exd5 47. e6 dxe6 48. Nxe6 Nd6 49. Kf4 Ne4 50. Ke5 Nf6 51. h5 Kh7 52. Nf4
Bc4 53. Kd4 Kh6 54. f3 Nxh5 55. Nxd5 Bxd5 56. Kxd5 Kg5 57. Ke5 g6 0-1

[Event "OPEN INTER REUNION 2023"]
[Site "SALLE DES FETES DE BELLEPIERRE"]
[Date "2023.10.14"]
[Round "3.6"]
[White "Calmels, Nicolas"]
[Black "Riviere, Etienne"]
[Result "0-1"]
[WhiteElo "1778"]
[BlackElo "1963"]
[PlyCount "92"]
[EventDate "2023.??.??"]

1. d4 b6 2. c4 e6 3. a3 Bb7 4. Nc3 f5 5. e3 Nf6 6. Nf3 Be7 7. Bd2 O-O 8. Rg1 d6
9. h3 Nbd7 10. Ng5 e5 11. Ne6 Qc8 12. Nxf8 Qxf8 13. g4 fxg4 14. hxg4 exd4 15.
exd4 Re8 16. Qc2 Ne4 17. O-O-O Nxf2 18. Re1 Bf3 19. Bd3 Nxd3+ 20. Qxd3 c5 21.
Rgf1 cxd4 22. Rxf3 Bf6 23. g5 dxc3 24. bxc3 Rxe1+ 25. Bxe1 Bxg5+ 26. Kc2 Bf6
27. Rh3 h6 28. Qd5+ Kh8 29. Qb7 Qe8 30. Qc6 Qe6 31. Rd3 Ne5 32. Bd2 Nxd3 33.
Kxd3 Qf5+ 34. Ke2 Be5 35. Qa8+ Kh7 36. Qxa7 Qg4+ 37. Kd3 Qf5+ 38. Ke2 Qe4+ 39.
Kd1 Qd3 40. Qxb6 Qxc4 41. Qb4 Qd3 42. a4 h5 43. a5 Bf6 44. c4 h4 45. a6 h3 46.
Qb7 Bg5 0-1

[Event "OPEN INTER REUNION 2023"]
[Site "SALLE DES FETES DE BELLEPIERRE"]
[Date "2023.10.14"]
[Round "3.7"]
[White "Mezouaghi, Miloud"]
[Black "Picard, Vincent"]
[Result "1-0"]
[WhiteElo "1946"]
[BlackElo "1730"]
[PlyCount "101"]
[EventDate "2023.??.??"]

1. e4 c5 2. c3 d5 3. exd5 Qxd5 4. d4 Nf6 5. Nf3 Nc6 6. dxc5 Qxc5 7. Be2 e6 8.
Na3 Be7 9. Be3 Qa5 10. Nc4 Qc7 11. O-O O-O 12. Bg5 e5 13. Ne3 Be6 14. Bh4 Rfd8
15. Qc2 Rac8 16. Qa4 h6 17. Rfd1 a6 18. Rxd8+ Rxd8 19. Rd1 Nd5 20. Nxd5 Bxd5
21. Bxe7 Qxe7 22. b3 Be6 23. Rxd8+ Qxd8 24. h3 Qd6 25. Qe4 f5 26. Qe3 e4 27.
Nd2 Qa3 28. f3 Qxa2 29. fxe4 Qc2 30. exf5 Bxf5 31. Bc4+ Kf8 32. Nf3 Qd1+ 33.
Kh2 Qd6+ 34. Kg1 b5 35. Bf1 Ne7 36. Nd4 Bg6 37. c4 Nf5 38. Nxf5 Bxf5 39. cxb5
axb5 40. Bxb5 Qd1+ 41. Kh2 Qd6+ 42. Qg3 Qxg3+ 43. Kxg3 Be4 44. Kf2 h5 45. h4
Kf7 46. g3 Bf5 47. Ke3 Ke6 48. Kf4 g6 49. Kg5 Bc2 50. b4 Kd6 51. Be8 1-0